| 000 | 00448nam a2200157Ia 4500 | ||
|---|---|---|---|
| 008 | 240729s9999 xx 000 0 und d | ||
| 022 | _a1554-8244 | ||
| 245 | 0 | _aAcross the Disciplines | |
| 260 | _aUnited States | ||
| 260 | _bWAC Clearinghouse | ||
| 650 | _a Special aspects of education | Language and Literature | ||
| 650 | _aEducation | ||
| 856 | _uhttps://doaj.org/toc/28dfe547429d48c78e106ef3588c9d46 | ||
| 942 | _2ddc | ||
| 942 | _cDOAJEJ | ||
| 999 |
_c70547 _d70547 |
||
| 945 |
_a1 _bMadushi Gamage _c1 _dMadushi Gamage |
||